Railway Stations in Great Britain Starting with N - Statistics

General Stats
  • This quiz has been taken 97 times
  • The average score is 28 of 89
Answer Stats
County Passengers (2023/2024) Station % Correct
Tyne and Wear 9,148,930 Newcastle
97%
Nottinghamshire 7,144,540 Nottingham
97%
Newport 2,718,644 Newport
90%
Essex 205,164 Newport
90%
Northamptonshire 2,627,948 Northampton
90%
Norfolk 4,176,640 Norwich
90%
South Lanarkshire 546,872 Newton
77%
Berkshire 1,380,182 Newbury
74%
Neath Port Talbot 778,136 Neath
71%
North Yorkshire 660,586 Northallerton
65%
Greater London 3,145,918 New Cross
61%
Warwickshire 1,159,410 Nuneaton
61%
Devon 1,183,296 Newton Abbot
55%
Highland 133,760 Nairn
52%
Nottinghamshire 957,410 Newark Northgate
52%
Greater London 4,662,040 New Cross Gate
52%
Cheshire 194,534 Nantwich
48%
Greater London 2,883,306 New Malden
48%
Greater London 2,216,644 Norbury
45%
Greater London 4,324,858 Norwood Junction
45%
Powys 140,288 Newtown
42%
Greater London 658,686 North Dulwich
42%
Greater London 911,074 Nunhead
42%
Nottinghamshire 548,968 Newark Castle
39%
Greater London 2,101,326 Norbiton
39%
Berkshire 99,044 Newbury Racecourse
35%
Caerphilly 105,780 Newbridge
32%
Kent 126,302 Newington
32%
Cambridgeshire 347,148 Newmarket
32%
Cornwall 125,402 Newquay
32%
Kent 212,404 Northfleet
32%
Greater London 142,664 Northolt Park
32%
Greater London 943,776 Northumberland Park
32%
Pembrokeshire 17,296 Narberth
29%
Lancashire 104,730 Nelson
29%
Greater London 1,166,092 New Barnet
29%
Greater London 666,756 New Beckenham
29%
West Midlands 576,042 Northfield
29%
Greater London 1,048,996 North Wembley
29%
Cheshire 169,316 Northwich
29%
Suffolk 112,342 Needham Market
26%
Hampshire 74,046 Netley
26%
East Sussex 24,584 Newhaven Harbour
26%
East Sussex 363,816 Newhaven Town
26%
Greater London 808,874 New Southgate
26%
Devon 6,776 Newton St Cyres
26%
East Lothian 559,924 North Berwick
26%
Greater London 318,678 North Sheen
26%
Greater London 1,876,074 New Eltham
23%
Hampshire 517,988 New Milton
23%
County Durham 77,578 Newton Aycliffe
23%
Highland 8,484 Newtonmore
23%
Norfolk 221,002 North Walsham
23%
Somerset 437,548 Nailsea and Backwell
19%
Leicestershire 240,440 Narborough
19%
Nottinghamshire 7,780 Netherfield
19%
Cardiff 104,950 Ninian Park
19%
West Yorkshire 179,106 Normanton
19%
Surrey 49,042 Nutfield
19%
East Renfrewshire 357,540 Neilston
16%
Cheshire 28,412 Neston
16%
City of Edinburgh 250,388 Newcraighall
16%
Merseyside 909,560 Newton-le-Willows
16%
West Sussex 63,732 Nutbourne
16%
East Riding of Yorkshire 33,490 Nafferton
13%
Merseyside 993,914 New Brighton
13%
Lincolnshire 2,412 New Clee
13%
Kent 159,640 New Hythe
13%
Nottinghamshire 33,046 Newstead
13%
Greater Manchester 126,512 Newton for Hyde
13%
Glasgow City 110,280 Nitshill
13%
East Sussex 20,558 Normans Bay
13%
Surrey 226,496 North Camp
13%
Conwy 3,362 North Llanrwst
13%
Greater Manchester 82,312 Navigation Road
10%
West Yorkshire 666,422 New Pudsey
10%
Midlothian 153,434 Newtongrange
10%
Essex 60,434 North Fambridge
10%
Fife 117,732 North Queensferry
10%
County Durham 42,044 North Road
10%
North Yorkshire 54,080 Nunthorpe
10%
Cumbria 1,030 Nethertown
6%
Devon 158,438 Newcourt
6%
East Ayrshire 22,192 New Cumnock
6%
Lancashire 1,866 New Lane
6%
Derbyshire 208,306 New Mills Central
6%
Derbyshire 159,098 New Mills Newtown
6%
South Ayrshire 57,950 Newton-on-Ayr
6%
Lincolnshire 10,576 New Holland
3%
No matching quizzes found
Score Distribution
Percent of People with Each Score
Percentile by Number Answered
Your Score History
You have not taken this quiz